En los orígenes del sujeto psíquico (Registro nro. 10847)

000 -CABECERA
Campo de control de longitud fija 01583nam a22002897a 4500
003 - IDENTIFICADOR DEL NÚMERO DE CONTROL
Campo de control OSt
005 - FECHA Y HORA DE LA ÚLTIMA TRANSACCIÓN
Campo de control 20260416143538.0
008 - CÓDIGOS DE INFORMACIÓN DE LONGITUD FIJA
Campo de control de longitud fija 260414t2008 xxu||||| |||| 00| 0 spa d
020 ## - NÚMERO INTERNACIONAL NORMALIZADO PARA LIBROS (ISBN)
Número Internacional Normalizado para Libros (ISBN) 9789505181315
040 ## - FUENTE DE LA CATALOGACIÓN
Centro catalogador de origen Unicoc
Lengua de catalogación spa
Centro que cataloga Bogotá (Dr. David Ordóñez Rueda) - Campus Norte
Centro modificador Bogotá (Dr. David Ordóñez Rueda) - Campus Norte
082 ## - NÚMERO DE LA CLASIFICACIÓN DECIMAL DEWEY
Número de clasificación 150.195
100 ## - PUNTO DE ACCESO PRINCIPAL - NOMBRE DE PERSONA
9 (RLIN) 12027
Nombre de persona Bleichmar, Silvia
245 ## - MENCIÓN DE TÍTULO
Título En los orígenes del sujeto psíquico
Subtitulo o Resto del título : Del mito a la historia
Mención de responsabilidad etc. / Silvia Bleichmar
250 ## - MENCIÓN DE EDICIÓN
Mención de edición 2 Ed.
260 ## - PUBLICATION, DISTRIBUTION, ETC. (IMPRINT)
Lugar de publicación distribución etc. Argentina :
Nombre del editor distribuidor etc. Amorrortu ,
Fecha de publicación distribución etc. 2008
300 ## - DESCRIPCIÓN FÍSICA
Extensión 116 páginas
Otras características físicas Diagramas
440 ## - MENCIÓN DE SERIE
9 (RLIN) 4683
Título (Biblioteca de psicología y psicoanálisis)
505 ## - NOTA DE CONTENIDO CON FORMATO
Título 1. El concepto de neurosis en la infancia a partir de la represión originaria. --
-- 2. Notas para el abordaje de la constitución de la inteligencia en psicoanálisis. --
-- 3. Mito o historia en los orígenes del aparato psíquico. --
-- 4. Notas sobre la memoria y la curiosidad intelectual. --
-- 5. Frases de los niños, estructura del aparato psíquico. --
-- 6. Trastornos del lenguaje. Trastornos en la constitución del sujeto psíquico. --
-- 7. Relaciones entre la represión originaria y el principio de realidad. --
-- 8. Del lado de la madre.
526 ## - NOTA DE INFORMACIÓN SOBRE EL PROGRAMA DE ESTUDIO
Institución que aplica el campo Unicoc
546 ## - NOTA DE LENGUA
Nota de lengua Español
650 #0 - PUNTO DE ACCESO ADICIONAL DE MATERIA - TÉRMINO DE MATERIA
9 (RLIN) 10056
Término de materia o nombre geográfico como elemento inicial Psicoanálisis
650 #0 - PUNTO DE ACCESO ADICIONAL DE MATERIA - TÉRMINO DE MATERIA
9 (RLIN) 8192
Término de materia o nombre geográfico como elemento inicial Psicología infantil
650 #0 - PUNTO DE ACCESO ADICIONAL DE MATERIA - TÉRMINO DE MATERIA
9 (RLIN) 12942
Término de materia o nombre geográfico como elemento inicial Psicoanálisis del niño
658 #0 - TÉRMINO DE INDIZACIÓN - OBJETIVO CURRICULAR
9 (RLIN) 10741
Programa Académico Programa de Psicología
856 ## - LOCALIZACIÓN Y ACCESO ELECTRÓNICOS
Texto del enlace Acceso online exclusivo para comunidad Unicoc.
Identificador Uniforme del Recurso (URI) https://unicoceduco-my.sharepoint.com/:b:/g/personal/direccionbiblioteca_unicoc_edu_co/IQBOmRI5XcuQS5ZYVICr8AuhARrl7ul0uPpoMNUhkeCzj0I
942 ## - ENTRADA PARA ELEMENTOS AGREGADOS (KOHA)
Fuente de clasificación o esquema de ordenación en estanterías
Koha [por defecto] tipo de item Libro electrónico
Existencias
Localización permanente Precio Fecha de adquisición Estropeado Fuente de clasificación o esquema de ordenación en estanterías Localización actual No para préstamo Fuente de adquisición Tipo de item de Koha Estado de pérdida Código de colección Fecha del precio de reemplazo Fecha última consulta Signatura completa
Bogotá (Dr. David Ordóñez Rueda) - Campus Norte200000.002026-04-14  Bogotá (Dr. David Ordóñez Rueda) - Campus Norte CompraLibro electrónico Coleccion Online2026-04-142026-04-14150.195

© 2014 UNICOC | Institución Universitaria Colegios de Colombia - UNICOC
Bogotá D.C. Autopista Norte Km. 20. Teléfono:(571)6683535
Cali: Calle 13 Norte No. 3N-13. Teléfono: (572)6608887

Con tecnología de Koha